000 01232nam a2200313Ia 4500
001 ebr5003681
003 CaPaEBR
006 m u
007 cr cn|||||||||
008 890111r20011896maua s 000 0 eng d
020 _z1582183988
020 _z1582183996
020 _z158218397X
040 _aCaPaEBR
_cCaPaEBR
035 _a(OCoLC)55638848
050 1 4 _aF7
_b.D76 2001eb
100 1 _aDrake, Samuel Adams,
_d1833-1905.
245 1 4 _aThe Making of New England
_h[electronic resource] /
_cby Samuel Adams Drake.
260 _aScituate, Mass. :
_bDigital Scanning,
_c2001.
300 _ax, 251 p. :
_bill.
500 _a"As Published in 1896."
500 _aOriginally published : The Making of New England, 1580-1643. New York : Charles Scribner's Sons, 1896.
533 _aElectronic reproduction.
_bPalo Alto, Calif. :
_cebrary,
_d2009.
_nAvailable via World Wide Web.
_nAccess may be limited to ebrary affiliated libraries.
651 0 _aUnited States
_xHistory, Local.
651 0 _aNew England
_xHistory.
655 7 _aElectronic books.
_2local
710 2 _aebrary, Inc.
856 4 0 _uhttp://site.ebrary.com/lib/rucke/Doc?id=5003681
_zAn electronic book accessible through the World Wide Web; click to view
999 _c236
_d236